000 00294nam a22001337a 4500
008 170302b xxu||||| |||| 00| 0 eng d
020 _a9781582550930
041 _aeng
080 _a615
100 _a5
101 _aSHM
245 _aPHARMACIST'S DRUG HANDBOOK
_cDEPIRO, J.T
942 _2udc
_cBK
999 _c6601
_d6601